|
|
|
|
| LEADER |
00000nam a22000007a 4500 |
| 008 |
201218b ||||| |||| 00| 0 eng d |
| 020 |
|
|
|a 9789785506723
|
| 100 |
|
|
|a Ihuoma, Anaele, 1959-
|
| 245 |
|
|
|a The sea route to Senorita's hearth
|c Anaele Ihuoma
|g vi,130p.
|
| 260 |
|
|
|b Africart
|c 2019
|h Port Harcourt
|i 695053
|i 695054
|l PS3563.Ih8
|m Short stories
|m Nigerian fiction (English)
|
| 942 |
|
|
|a lcc
|c BK
|e A.R. Akinniyi
|f 18/12/2020
|
| 952 |
|
|
|0 0
|1 0
|2 lcc
|4 0
|6 PS3563 I H8
|7 0
|9 757
|a HOL
|b HOL
|c LP
|d 2020-12-18
|l 0
|o PS3563.Ih8
|p 2020-229973
|r 2020-12-18 00:00:00
|t 695053
|w 2020-12-18
|y BK
|
| 952 |
|
|
|0 0
|1 0
|2 lcc
|4 0
|6 PS3563 I H8
|7 0
|9 758
|a HOL
|b ART
|c LP
|d 2020-12-18
|l 0
|o PS3563.Ih8
|p 2020-229974
|r 2020-12-18 00:00:00
|t 695054
|w 2020-12-18
|y BK
|
| 999 |
|
|
|c 427
|d 427
|